Geografía médica y patología de Colombia (Registro nro. 303903)

Detalles MARC
000 -ENCABEZADO
Número de control [NR] 01981nam a2200265 4500
005 - FECHA Y HORA DE LA ÚLTIMA TRANSACCIÓN
control field 20210707150132.0
008 - DE LONGITUD FIJA DE DATOS DE ELEMENTOS - INFORMACIÓN GENERAL
Elementos de longitud fija [NR] 160802b1915 ck |||fr|||| 001 0 spa d
040 ## - FUENTE DE CATALOGACION [NR]
Agencia de catalogación original [NR] CO-BoUCM
Idioma de catalogación [NR] spa
Quien Cataloga Sandra Yazo
Quien Clasifica Sandra Yazo
041 0# - CODIGO DE IDIOMA [R]
Código de idioma para texto/pista de sonido o título separado [R] Español
082 04 - NUMERO DE CLASIFICACION DECIMAL DEWEY [R]
Número de la edición [NR] 20
092 ## - SIGNATURA TOPOGRAFICA LOCAL
Número de clasificación local E40N117
100 1# - ASIENTO PRINCIPAL--NOMBRE PERSONAL [NR]
Nombre personal [NR] Cuervo Márquez, Luis
ID Autoridad 78432
245 10 - MENCION DE TITULO [NR]
Título [NR] Geografía médica y patología de Colombia
Parte restante del título [NR] Contribución al estudio de la enfermedades intertropicales
Mención de responsabilidad, etc. [NR] por el Dr. Luis Cuervo Márquez
260 ## - PUBLICACION, DISTRIBUCION, ETC. (PIE DE IMPRENTA) [R]
Lugar de publicación, distribución, etc. [R] Bogotá - Nueva York
Nombre del editor, distribuidor, etc. [R] Librería Colombiana Camacho Roldan y Tamayo
-- The Trow Press imprenta y encuadernador
Fecha de publicación, distribución, etc. [R] 1915
300 ## - DESCRIPCION FISICA [R]
Extensión [R] 208 páginas
Dimensiones [R] 24 x 16 cm
500 ## - NOTA GENERAL [R]
Nota general [NR] Detalles físicos: Encuadernación rígida en cartón forrado en tela texturizada, tapas con recuadros repujados, lomo con letras en dorado. Guardas, la delantera incluye un mapa con referencias en inglés y anotación manuscrita. Anteportada. Portada impresa en una sola tinta. Texto en una sola columna con notas al pie de página, algunos cuadros y tablas entre el texto, fotografía en pág. 208. Ejemplar en buen estado de conservación. Perteneció a la biblioteca de Mons. Rafael María Carrasquilla
505 0# - NOTA DE CONTENIDO CON FORMATO PREESTABLECIDO [R]
Nota de contenido con formato preestablecido [NR] Introducción ; Geografía física: Situación astronómica ; Orografía – Andes ; Altiplanicies ; Hidrografía ; Vertiente Atlántica, Noreste, Oriental ; Llanuras ; Geología de Colombia – Climatología -- Etnografía -- Nosología: Paludismo ; Filariosis ; Endemias producidas por gusanos intestinales ; Endemias trasmitidas por otros insectos ; Enfermedades eruptivas ; Enfermedades por Agentes físicos
506 ## - NOTA DE RESTRICCIONES DE ACCESO [R]
Condiciones de acceso [NR] Consulta en sala
650 #7 - ASIENTO SECUNDARIO DE MATERIA - TERMINO TEMATICO [R]
9 (RLIN) 74051
Término temático o nombre geográfico como elemento de entrada [NR] Geografía médica
Subdivisión general [R] Historia
Subdivisión geográfica [R] Colombia
650 #7 - ASIENTO SECUNDARIO DE MATERIA - TERMINO TEMATICO [R]
9 (RLIN) 7563
Término temático o nombre geográfico como elemento de entrada [NR] Enfermedades
Subdivisión geográfica [R] Colombia
650 #7 - ASIENTO SECUNDARIO DE MATERIA - TERMINO TEMATICO [R]
9 (RLIN) 19200
Término temático o nombre geográfico como elemento de entrada [NR] Medicina
Subdivisión general [R] Historia
Subdivisión cronológica [R] 1915
Subdivisión geográfica [R] Colombia
690 ## - ASUNTO AGREGADO LOCAL DE ENTRADA - TÉRMINO TEMÁTICO (OCLC, RLIN)
Acceso temático local Medicina general
9 (RLIN) 19160
856 ## - LOCALIZACION Y ACCESO ELECTRONICOS [R]
Identificador Uniforme del Recurso (“URI”) [R] <a href="http://bibliotecavirtual.ranm.es/ranm/es/consulta/registro.cmd?id=91">http://bibliotecavirtual.ranm.es/ranm/es/consulta/registro.cmd?id=91</a>
Nota dirigida al público [R] Disponible en línea
942 ## - ELEMENTOS DE ENTRADA AGREGADOS (KOHA)
Sistema de clasificación LOCAL
Tipo de ítem principal el descrito en 300a Libro
Edición 1
Clasificación E40N117
Existencias
Suprimido Perdido Sistema de clasificación Dañado No prestable Tipo de ítem específico Ubicación habitual Ubicación actual Localización Fecha de creación Forma de adquisición Costo Total préstamos Signatura topográfica Código de barras Última vez visto Ejemplar Price effective from Tipo de ítem
    LOCAL     Libro archivo Archivo Histórico Archivo Histórico Archivo histórico 02/08/2016 Donación 0.00   E40N117 L005808 02/08/2016 Ej.1 02/08/2016 Libro